NBA 2017-18 Top 10 Leaders - Statistics

General Stats
  • This quiz has been taken 53 times
    26 since last reset
  • The average score is 36 of 39
Answer Stats
Player Team % Correct
Anthony Davis New Orleans Pelicans
100%
Damian Lillard Portland Trail Blazers
100%
Kemba Walker Charlotte Hornets
100%
LeBron James Cleveland Cavaliers
100%
Paul George Oklahoma City Thunder
100%
Russell Westbrook Oklahoma City Thunder
100%
Victor Oladipo Indiana Pacers
100%
Andre Drummond Detroit Pistons
95%
Ben Simmons Philadelphia 76ers
95%
Bradley Beal Washington Wizards
95%
C.J. McCollum Portland Trail Blazers
95%
Clint Capela Houston Rockets
95%
DeAndre Jordan Los Angeles Clippers
95%
DeMar DeRozan Toronto Raptors
95%
Draymond Green Golden State Warriors
95%
Giannis Antetokounmpo Milwaukee Bucks
95%
James Harden Houston Rockets
95%
Jeff Teague Minnesota Timberwolves
95%
Jrue Holiday New Orleans Pelicans
95%
Karl-Anthony Towns Minnesota Timberwolves
95%
Khris Middleton Milwaukee Bucks
95%
Kyle Lowry Toronto Raptors
95%
Myles Turner Indiana Pacers
95%
Nikola Jokic Denver Nuggets
95%
Rudy Gobert Utah Jazz
95%
Andrew Wiggins Minnesota Timberwolves
90%
Eric Bledsoe Milwaukee Bucks
90%
Kristaps Porzingis New York Knicks
90%
Lou Williams Los Angeles Clippers
90%
Dwight Howard Charlotte Hornets
86%
Enes Kanter New York Knicks
86%
Joel Embiid Philadelphia 76ers
86%
Kevin Durant Golden State Warriors
86%
Robert Covington Philadelphia 76ers
86%
Gary Harris Denver Nuggets
81%
Josh Richardson Miami Heat
76%
Rajon Rondo New Orleans Pelicans
76%
Spencer Dinwiddie Brooklyn Nets
76%
Thaddeus Young Indiana Pacers
62%
No matching quizzes found
Score Distribution
Percent of People with Each Score
Percentile by Number Answered
Your Score History
You have not taken this quiz since the last reset